Vamos disfarçar-nos (Registo nº 2088)

Detalhes MARC
000 -Etiqueta do registo
Cabeçalho 00924nam a22003131 4500
005 - Identificador da versão
Campo de controlo 20240813121924.0
095 ## -
-- PTBN00270068
010 ## - Número internacional normalizado dos livros (ISBN)
Número (ISBN) 9726492297
021 ## - Número do Depósito Legal
Código do país PT
Número 36011/90
100 ## - Dados gerais de processamento
Dados gerais de processamento 20030930d1990 bc y0pory5003 ba
102 ## - Pais de publicação ou produção
País de publicação Portugal
101 1# - Língua de publicação
Língua do texto, banda sonora, etc. Português
Língua do documento no original Francês
106 ## - Campo de dados codificados: material textual
Dados codificados do material textual r
105 ## - Campo de dados codificados: livros
Dados codificados dos livros a z 000yy
215 ## - Descrição física 
Indicação específica da natureza do documento e extensão da espécie [12] p.
Outras indicações físicas muito il.
Dimensões 20 cm
200 1# - Titulo e menção de responsabilidade
Título próprio Vamos disfarçar-nos
Primeira menção de responsabilidade il. Agnés Perruchon
Outras menções de responsabilidade colab. edit. Evelyne Mathiaud
-- trad. Isabel Patrícia
225 2# - Colecção 
Título próprio da colecção Biblioteca dos coelhinhos
210 ## - Publicação, Distribuição, etc. 
Lugar da edição, distribuição, etc. [Porto]
Nome do editor, distribuidor, etc. Desabrochar
Data da publicação, distribuição, etc. 1990
606 ## - Nome comum usado como assunto
Número de registo de entrada de autoridade 0000006
Palavra de ordem Literatura estrangeira infantil
Número de registo de entrada de autoridade 0000829
Palavra de ordem Carnaval
675 ## - Classificação Decimal Universal (CDU)
Notação 82
Edição
Língua da edição por
702 #1 - Nome de autor-pessoa física (responsabilidade secundária)
Número de registo de entrada de autoridade 0000831
Palavra de ordem Mathiaud
Outra parte do nome não tomada para palavra de ordem Evelyne
Código de função Colaborador
Número de registo de entrada de autoridade 0000602
Palavra de ordem Patrícia
Outra parte do nome não tomada para palavra de ordem Isabel
Código de função Tradutor
701 #1 - Nome de autor-pessoa física (co-responsabilidade principal)
Palavra de ordem Perruchon
Outra parte do nome não tomada para palavra de ordem Agnés
Código de função Ilustrador / Técnico de desenho computorizado
942 ## - Elementos de entrada adicionados (Koha)
Tipo de item no Koha Livro
Exemplares
Situação do levantamento Origin of item (home branch) (coded) Biblioteca de empréstimo Código de barras Cota Circulation type (not for loan) Tipo de documento Nota do exemplar Damaged status
  Biblioteca Escolar da Coca Maravilhas Biblioteca Escolar da Coca Maravilhas BECM6124/03 8EST PER   Livro Sem mensagem